000 00980nam a22003257i 4500
999 _c169803
_d169803
003 PPAK
005 20181010095944.0
007 ta
008 181010t2017 my ao||j |||| 001 0 may d
020 _a9781489649805
_cRM113.95
_qhardback
040 _aPPAK
_beng
_cPPAK
_erda
082 0 4 _223
_a516.156
090 0 0 _a516.156
_bFUR
_dRK
100 1 _aFurstinger, Nancy,
_eauthor.
245 1 0 _aDiscovering Cylinders /
_cNancy Furstinger and John Willis
264 1 _aNew York, NY :
_b AV2 by Weigl,
_c[2016?]
264 4 _c© 2017
300 _a24 pages :
_bcolour photographs ;
_c26 cm
336 _2rdacontent
_atext
337 _2rdamedia
_aunmediated
338 _2rdacarrier
_avolume
490 1 _a3D Objects
500 _aIncludes index
650 1 0 _aCylinder (Mathematics)
_vJuvenile literature
650 2 0 _aGeometry, Solid
_vJuvenile literature
650 2 0 _aCylinder (Mathematics)
700 1 _aWillis, John,
_eauthor.
830 _a3D objects
942 _2ddc
_cB